La versification appliquée aux textes (notice n° 1925192)
[ vue normale ]
| 000 -LEADER | |
|---|---|
| fixed length control field | 01089cam a2200133 4500500 |
| 005 - DATE AND TIME OF LATEST TRANSACTION | |
| control field | 20260329023151.0 |
| 041 ## - LANGUAGE CODE | |
| Language code of text/sound track or separate title | fre |
| 042 ## - AUTHENTICATION CODE | |
| Authentication code | dc |
| 100 10 - MAIN ENTRY--PERSONAL NAME | |
| Personal name | Aquien, Michèle |
| Relator term | author |
| 245 00 - TITLE STATEMENT | |
| Title | La versification appliquée aux textes |
| 260 ## - PUBLICATION, DISTRIBUTION, ETC. | |
| Name of publisher, distributor, etc. | Armand Colin,<br/> |
| Date of publication, distribution, etc. | 2021.<br/> |
| 520 ## - SUMMARY, ETC. | |
| Summary, etc. | L’analyse de la poésie, même contemporaine, ne saurait se passer d’une connaissance approfondie de la versification, discipline rigoureuse, délicate, et qui ouvre à une étude plus complète de ce tout signifiant qu’est le poème. Cet ouvrage présente une série d’exercices progressifs qui couvrent le champ dévolu à cette discipline, du vers aux formes fixes en passant par le rythme et la rime : les textes d’application sont variés, choisis dans des genres et des époques diversifiés, et chaque question est développée selon un plan clair et pédagogique. À travers l’ensemble, c’est toute la question du langage poétique qui est posée. |
| 856 41 - ELECTRONIC LOCATION AND ACCESS | |
| Uniform Resource Identifier | <a href="https://shs.cairn.info/la-versification-appliquee-aux-textes--9782200631024?lang=fr&redirect-ssocas=7080">https://shs.cairn.info/la-versification-appliquee-aux-textes--9782200631024?lang=fr&redirect-ssocas=7080</a> |
Pas d'exemplaire disponible.




Réseaux sociaux